UNIX V Příručka správce systému

Gespeichert in:
Bibliographische Detailangaben
1. Verfasser: Hnát, Jiří
Format: Buch
Sprache:Tschechisch
Veröffentlicht: Praha Grada 1993
Ausgabe:1. vyd.
Schlagworte:
Tags: Tag hinzufügen
Keine Tags, Fügen Sie das erste Tag hinzu!

MARC

LEADER 00000nam a2200000 4500
001 c005695
005 20221206075200.4
020 |a 80-7169-008-2 
041 0 |a cze 
044 |a CZ 
245 1 0 |a UNIX V  |b Příručka správce systému  |c Jiří Hnát 
250 |a 1. vyd. 
264 1 |a Praha  |b Grada  |c 1993 
300 |a 351 s. 
610 2 0 |a UNIX V 
610 2 0 |a systémy operačné 
610 2 0 |a UnixWare 
100 1 |a Hnát, Jiří